000 00838nam a2200253Ia 4500
003 OSt
005 20220923215513.0
006 a|||||r|||| 00| 0
007 ta
008 220922b |||||||| |||| 00| 0 hin d
024 _a179,365
037 _cTextual
040 _aARTS
_cARTS
_bhin
041 _2hin
_ahin
082 _aO152,1I83,12:g, L0
100 _aगौेतम, मनमोहन
_9156318
245 0 _aभ्रमरगीत का काव्य वैभव
246 _aBhramaragīt kā kāvya vaibhava
260 _aदिल्ली
_b रीगल बुक डिपो
_c1970
300 _a216 पृ.
_ccm.
650 _aहिन्दी साहित्य
_9156264
942 _hO152,1I83,12:g, L0
_cTEXL
_2CC
999 _c332746
_d332746